Testy 40 súborov otázok z predpisov o cestnej premávke so šablónou na okamžité vyhodnotenie

Bibliographic Details
Main Author: Martinec, Miroslav (Author)
Format: Book
Language:Slovak
PhysicalDescription:40 dvojlistov v prebale fareb. fotogr., obr., sch., tab. 30x21 cm
Published: Bratislava Vogel Media 1998
ISBN:8096803514
Subjects:

MARC

LEADER 00000nam a2200000 a 4500
001 vtls001356685
003 SK-MaSNL
005 20260302033902.0
008 240314s1998 xo ap r yy 0 slo
015 |a SNBI2001/02-01388 
020 |a 8096803514 
035 |a SNK000310173 
040 |a SNK  |b slo  |c SNK  |e AACR2 
041 0 |a slo 
044 |a xo  |c SK 
080 |a 656.05:37(083.133)  |2 1981 
080 |a 351.811.122  |2 1981 
100 1 |a Martinec, Miroslav  |4 aut  |9 292854 
245 1 0 |a Testy  |b 40 súborov otázok z predpisov o cestnej premávke so šablónou na okamžité vyhodnotenie  |c autor: Miroslav Martinec 
260 |a Bratislava  |b Vogel Media  |c 1998 
300 |a 40 dvojlistov v prebale  |b fareb. fotogr., obr., sch., tab.  |c 30x21 cm 
650 0 7 |a autoškoly  |2 SNKPH  |9 31658 
650 0 7 |a cestná premávka  |2 SNKPH  |9 31852 
650 0 7 |a pravidlá cestnej premávky  |2 SNKPH  |9 67981 
655 7 |a pokyny  |2 SNKPH  |9 70685 
655 7 |a nariadenia  |2 SNKPH  |9 70672 
655 7 |a testy  |2 SNKPH  |9 70500 
655 7 |a predpisy  |2 SNKPH  |9 70649 
919 |a 80-968035-1-4 
958 |a TL 
999 |c 1063821  |d 1065751 
952 |t P60, <03>, [BOOK], {603}  |a SNK  |b SNK  |y PREZ  |7 0  |p 17A0183397  |o snkSB 59927  |i snkKSP 2277/99  |0 0  |1 0  |4 0  |d 1999-03-05  |l 0  |r 2005-01-02 00:00:00  |w 2026-02-24 
952 |t P60, <04>, [BOOK], {604}  |a SNK  |b SNK  |y VYP  |7 0  |p 17A0183398  |o snkSB 59927 D1  |i snkKSP 2278/99  |0 0  |1 0  |4 0  |d 1999-03-05  |l 0  |r 2005-01-02 00:00:00  |w 2026-02-24